|
|
|
|
| LEADER |
00000caa a22000002c 4500 |
| 001 |
1912668599 |
| 003 |
DE-627 |
| 005 |
20250116055026.0 |
| 007 |
cr uuu---uuuuu |
| 008 |
241217s2014 xx |||||o 00| ||eng c |
| 024 |
7 |
|
|a 10.1080/07418825.2012.723030
|2 doi
|
| 035 |
|
|
|a (DE-627)1912668599
|
| 035 |
|
|
|a (DE-599)KXP1912668599
|
| 040 |
|
|
|a DE-627
|b ger
|c DE-627
|e rda
|
| 041 |
|
|
|a eng
|
| 084 |
|
|
|a 2,1
|2 ssgn
|
| 100 |
1 |
|
|a Nobles, Matt R.
|e VerfasserIn
|0 (DE-588)1144396816
|0 (DE-627)1004723326
|0 (DE-576)310733812
|4 aut
|
| 109 |
|
|
|a Nobles, Matt R.
|a Nobles, Matt
|
| 245 |
1 |
0 |
|a Protection against pursuit: A conceptual and empirical comparison of cyberstalking and stalking victimization among a national sample
|
| 264 |
|
1 |
|c 2014
|
| 336 |
|
|
|a Text
|b txt
|2 rdacontent
|
| 337 |
|
|
|a Computermedien
|b c
|2 rdamedia
|
| 338 |
|
|
|a Online-Ressource
|b cr
|2 rdacarrier
|
| 700 |
1 |
|
|a Fisher, Bonnie S.
|e VerfasserIn
|4 aut
|
| 700 |
1 |
|
|a Fox, Kathleen A.
|e VerfasserIn
|0 (DE-588)1121540570
|0 (DE-627)874352894
|0 (DE-576)322403561
|4 aut
|
| 700 |
1 |
|
|a Reyns, Bradford W.
|d 1979-
|e VerfasserIn
|0 (DE-588)1029197016
|0 (DE-627)732582075
|0 (DE-576)348172451
|4 aut
|
| 773 |
0 |
8 |
|i Enthalten in
|t Justice quarterly
|d Omaha, Neb. : The Academy, 1984
|g 31(2014), 6, Seite 986-1014
|w (DE-627)357164741
|w (DE-600)2093787-8
|w (DE-576)256066965
|x 1745-9109
|7 nnas
|
| 773 |
1 |
8 |
|g volume:31
|g year:2014
|g number:6
|g pages:986-1014
|
| 787 |
0 |
8 |
|i Forschungsdaten
|a USA. Bureau of Justice Statistics
|t National Crime Victimization Survey: Stalking Victimization Supplement, 2006
|d [Erscheinungsort nicht ermittelbar] : [Verlag nicht ermittelbar], 2009
|w (DE-627)1840055251
|
| 856 |
|
|
|u https://d1rbsgppyrdqq4.cloudfront.net/s3fs-public/c160/Protection_Against_Pursuit.pdf?versionId=Me.k71FIrWdSg75G9q39_hgxsCuYPOei&X-Amz-Content-Sha256=UNSIGNED-PAYLOAD&X-Amz-Algorithm=AWS4-HMAC-SHA256&X-Amz-Credential=AKIASBVQ3ZQ4YNQVYJLW%2F20241202%2Fus-west-2%2Fs3%2Faws4_request&X-Amz-Date=20241202T103401Z&X-Amz-SignedHeaders=host&X-Amz-Expires=120&X-Amz-Signature=726b3127ab68829dd729aeb542f98c861033c4c340b7ff618e4dc8a46379aa76
|x unpaywall
|z Vermutlich kostenfreier Zugang
|h repository [oa repository (via OAI-PMH doi match)]
|
| 856 |
4 |
0 |
|u https://doi.org/10.1080/07418825.2012.723030
|x Resolving-System
|z kostenfrei
|3 Volltext
|7 0
|
| 935 |
|
|
|a mkri
|
| 951 |
|
|
|a AR
|
| ELC |
|
|
|a 1
|
| LOK |
|
|
|0 000 xxxxxcx a22 zn 4500
|
| LOK |
|
|
|0 001 4637634148
|
| LOK |
|
|
|0 003 DE-627
|
| LOK |
|
|
|0 004 1912668599
|
| LOK |
|
|
|0 005 20241217044850
|
| LOK |
|
|
|0 008 241217||||||||||||||||ger|||||||
|
| LOK |
|
|
|0 035
|a (DE-2619)ICPSR116373
|
| LOK |
|
|
|0 040
|a DE-2619
|c DE-627
|d DE-2619
|
| LOK |
|
|
|0 092
|o n
|
| LOK |
|
|
|0 852
|a DE-2619
|
| LOK |
|
|
|0 852 1
|9 00
|
| LOK |
|
|
|0 935
|a nacp
|
| LOK |
|
|
|0 939
|a 17-12-24
|b l01
|
| OAS |
|
|
|a 1
|
| ORI |
|
|
|a SA-MARC-krimdoka001.raw
|